000 00285nam a22001337a 4500
008 170502b xxu||||| |||| 00| 0 eng d
020 _a79541
041 _aeng
080 _a34
100 _a14
101 _aSHJ
245 _aJUSTICE WITHOUT TRIAL
_cSKOLNICK, J.H
942 _2udc
_cBK
999 _c12388
_d12388